{"text_format":"3","workbook":"xlsx","n_sheets":7,"sheets":["表3-5 单位工程预算价汇总表","表3-6 分部分项工程计价表","3.1措施项目费汇总表（输出清单项）","表3-13 其他项目计价表","表3-19 规费和税金项目计算表","5.5主要材料价格表","1.1.2综合单价计算表"],"read":"whole","date_system":"1900"}

{"sheet":"表3-5 单位工程预算价汇总表","index":0,"n_rows":22,"n_cols":6,"rows_kept":22,"merged":[[0,0,0,5],[1,0,1,2],[1,4,1,5],[2,2,2,4],[3,2,3,4],[4,2,4,4],[5,2,5,4],[6,2,6,4],[7,2,7,4],[8,2,8,4],[9,2,9,4],[10,2,10,4],[11,2,11,4],[12,2,12,4],[13,2,13,4],[14,2,14,4],[15,2,15,4],[16,2,16,4],[17,2,17,4],[18,2,18,4],[19,2,19,4],[20,2,20,4],[21,2,21,4],[22,2,22,4],[23,2,23,4],[24,2,24,4],[25,2,25,4],[26,2,26,4],[27,2,27,4],[28,2,28,4],[29,2,29,4],[30,2,30,4],[31,2,31,4],[32,2,32,4],[33,2,33,4],[34,2,34,4],[35,2,35,4]]}
["单位工程造价汇总表"]
["工程名称：安装工程",{"$nulls":3},"第 1 页  共 1 页"]
["序号","费 用 名 称","计 算 基 础",null,null,"金  额（元）"]
["1","分部分项合计","分部分项合计",null,null,6549.15]
["2","措施合计","绿色施工安全防护措施费+其他措施费",null,null,407.56]
["2.1","绿色施工安全防护措施费","安全及文明施工措施费",null,null,407.56]
["2.2","其他措施费","其他措施费"]
["3","其他项目","其他项目合计",null,null,113.94]
["3.1","暂列金额","暂列金额"]
["3.2","暂估价","暂估价合计"]
["3.3","计日工","计日工"]
["3.4","总承包服务费","总承包服务费"]
["3.5","预算包干费","预算包干费",null,null,113.94]
["3.6","工程优质费","工程优质费"]
["3.7","概算幅度差","概算幅度差"]
["3.8","索赔费用","索赔费用"]
["3.9","现场签证费用","现场签证费用"]
["3.10","其他费用","其他费用"]
["4","税前工程造价","分部分项合计+措施合计+其他项目",null,null,7070.65]
["5","增值税销项税额","分部分项合计+措施合计+其他项目",null,null,636.36]
["6","总造价","分部分项合计+措施合计+其他项目+增值税销项税额",null,null,7707.01]
["7","人工费","分部分项人工费+技术措施项目人工费",null,null,1110.28]

{"sheet":"表3-6 分部分项工程计价表","index":1,"n_rows":31,"n_cols":10,"rows_kept":31,"merged":[[0,0,0,9],[1,0,1,5],[1,7,1,9],[2,0,3,0],[2,1,3,1],[2,2,3,2],[2,3,3,3],[2,4,3,4],[2,5,3,7],[2,8,2,9],[4,5,4,7],[5,5,5,7],[6,5,6,7],[7,5,7,7],[8,5,8,7],[9,5,9,7],[10,2,10,3],[10,5,10,7],[11,5,11,7],[12,5,12,7],[13,5,13,7],[14,5,14,7],[15,5,15,7],[16,5,16,7],[17,5,17,7],[18,5,18,7],[19,5,19,7],[20,5,20,7],[21,5,21,7],[22,5,22,7],[23,5,23,7],[24,5,24,7],[25,5,25,7],[26,5,26,7],[27,5,27,7],[28,5,28,7],[29,0,29,8],[30,0,30,8]]}
["分部分项工程计价表"]
["工程名称：安装工程",{"$nulls":6},"第 1 页  共 1 页"]
["序号","项目编码","项目名称","项目特征描述","计量\n单位","工程数量",null,null,"金额（元）"]
[{"$nulls":8},"综合单价","合价"]
[1,"030408001001","电力电缆YJV-3*4","1.名称:YJV-3*4\n2.敷设方式、部位:管道敷设","m","34.91",null,null,12.84,448.24]
[2,"030408001002","电力电缆YJV-3*10","1.名称:YJV-3*10\n2.敷设方式、部位:管道敷设","m","30",null,null,22.56,676.8]
[3,"030411001001","SC32","1.名称:电线管  PC32\n2.材质:镀锌电线管\n3.规格:DN32mm","m","31.1",null,null,32.31,1004.84]
[4,"030411001002","PC75","1.名称:电线管\n2.材质:刚性难燃管\n3.规格:PC75","m","30",null,null,19,570]
[5,"030412001001","双头投光灯","1.名称:双头投光灯\n2.型号:LED 2*80W(IP54)","套","6",null,null,260.72,1564.32]
[6,"030404017001","配电箱AL1","1.名称:成套配电箱\n2.型号:AL1\n3.安装方式:详按设计图\n4.其它::含箱，含箱内元器件等","台","1",null,null,2284.95,2284.95]
[{"$nulls":9},6549.15]
{"$rows_empty":18}
["本页小计",{"$nulls":8},6549.15]
["合  计",{"$nulls":8},6549.15]

{"sheet":"3.1措施项目费汇总表（输出清单项）","index":2,"n_rows":37,"n_cols":8,"rows_kept":37,"merged":[[0,0,0,7],[1,0,1,5],[1,6,1,7],[2,0,2,0],[2,1,2,2],[2,3,2,3],[2,4,2,4],[2,5,2,6],[3,1,3,2],[3,5,3,6],[4,1,4,2],[4,5,4,6],[5,1,5,2],[5,5,5,6],[6,1,6,2],[6,5,6,6],[7,1,7,2],[7,5,7,6],[8,1,8,2],[8,5,8,6],[9,1,9,2],[9,5,9,6],[10,1,10,2],[10,5,10,6],[11,1,11,2],[11,5,11,6],[12,1,12,2],[12,5,12,6],[13,1,13,2],[13,5,13,6],[14,1,14,2],[14,5,14,6],[15,1,15,2],[15,5,15,6],[16,1,16,2],[16,5,16,6],[17,1,17,2],[17,5,17,6],[18,1,18,2],[18,5,18,6],[19,1,19,2],[19,5,19,6],[20,1,20,2],[20,5,20,6],[21,1,21,2],[21,5,21,6],[22,1,22,2],[22,5,22,6],[23,1,23,2],[23,5,23,6],[24,1,24,2],[24,5,24,6],[25,1,25,2],[25,5,25,6],[26,1,26,2],[26,5,26,6],[27,1,27,2],[27,5,27,6],[28,1,28,2],[28,5,28,6],[29,1,29,2],[29,5,29,6],[30,1,30,2],[30,5,30,6],[31,1,31,2],[31,5,31,6],[32,1,32,2],[32,5,32,6],[33,1,33,2],[33,5,33,6],[34,1,34,2],[34,5,34,6],[35,1,35,2],[35,5,35,6],[36,1,36,2],[36,5,36,6]]}
["措施项目费汇总表"]
["工程名称：安装工程",{"$nulls":5},"第 1 页 共 1 页"]
["编码","名称",null,"单位","数量","单价（元）",null,"合价（元）"]
["1","绿色施工安全防护措施费"]
["1.1","综合脚手架",null,"项",1]
["1.2","施工现场围挡和临时占地围档",null,"项",1]
["1.3","施工围档照明",null,"项",1]
["1.4","防尘降噪绿色施工防护棚",null,"项",1]
["1.5","施工便道",null,"项",1]
["1.6","样板引路",null,"项",1]
["LSSGCSF00001","绿色施工安全防护措施费",null,"项","RGF+JXF","35.77%",null,407.56]
[null,"小计",null,"元",{"$nulls":3},407.56]
["2","措施其他项目"]
["031301010001","安装与生产同时进行增加费用",null,"项","RGF","0%"]
["031301011001","在有害身体健康环境中施工增加费",null,"项","RGF","0%"]
["TSSGBWZJF001","在地下（暗）室、设备及大口径管道内等特殊施工部位进行施工增加费",null,"项",null,"30%"]
["粤031302008001","赶工措施费",null,"项","RGF+JXF","0%"]
["031302002001","夜间施工增加费",null,"项",null,"20%"]
["JTGRSGZJF001","交通干扰工程施工增加费",null,"项",null,"10%"]
["粤031302009001","文明工地增加费",null,"项","RGF+JXF","0%"]
["DXGXJCJXF001","地下管线交叉降效费",null,"项",1]
["QTFY00000001","其他费用",null,"项",1]
["031302007001","高层施工增加",null,"项",1]
["031301017001","脚手架搭拆费",null,"项",1]
[null,"小计",null,"元"]
{"$rows_empty":11}
[null,"合计",{"$nulls":5},"407.56"]

{"sheet":"表3-13 其他项目计价表","index":3,"n_rows":32,"n_cols":7,"rows_kept":32,"merged":[[0,0,0,6],[1,0,1,3],[1,5,1,6],[2,3,2,5],[3,3,3,5],[4,3,4,5],[5,3,5,5],[6,3,6,5],[7,3,7,5],[8,3,8,5],[9,3,9,5],[10,3,10,5],[11,3,11,5],[12,3,12,5],[13,3,13,5],[14,3,14,5],[15,3,15,5],[16,3,16,5],[17,3,17,5],[18,3,18,5],[19,3,19,5],[20,3,20,5],[21,3,21,5],[22,3,22,5],[23,3,23,5],[24,3,24,5],[25,3,25,5],[26,3,26,5],[27,3,27,5],[28,3,28,5],[29,3,29,5],[30,3,30,5],[31,0,31,2],[31,3,31,5]]}
["其他项目清单与计价表"]
["工程名称：安装工程",{"$nulls":4},"第 1 页  共 1 页"]
["序号","项目名称","单位","金额（元）",null,null,"备注"]
["1","暂列金额","项"]
["2","暂估价","项"]
["2.1","材料暂估价","项"]
["2.2","专业工程暂估价","项"]
["3","计日工","项"]
["4","总承包服务费","项"]
["5","预算包干费","项",113.94,null,null,"按分部分项的人工费与施工机具费之和的 10.00%计算"]
["6","工程优质费","项",{"$nulls":3},"按分部分项的人工费与施工机具费之和为计算基础\n国家级质量奖：20.00%；省级质量奖：12.50%；市级质量奖：7.50%"]
["7","概算幅度差","项",{"$nulls":3},"按分部分项工程费的3.00%计算"]
["8","现场签证费用","项"]
["9","索赔费用","项"]
["10","其他费用","项",{"$nulls":3},"按实际发生或经批准的施工方案计算"]
{"$rows_empty":16}
["合    计",null,null,"113.94",null,null,"-"]

{"sheet":"表3-19 规费和税金项目计算表","index":4,"n_rows":38,"n_cols":7,"rows_kept":38,"merged":[[0,0,0,6],[1,0,1,3],[1,5,1,6],[2,3,2,5],[3,3,3,5],[4,3,4,5],[5,3,5,5],[6,3,6,5],[7,3,7,5],[8,3,8,5],[9,3,9,5],[10,3,10,5],[11,3,11,5],[12,3,12,5],[13,3,13,5],[14,3,14,5],[15,3,15,5],[16,3,16,5],[17,3,17,5],[18,3,18,5],[19,3,19,5],[20,3,20,5],[21,3,21,5],[22,3,22,5],[23,3,23,5],[24,3,24,5],[25,3,25,5],[26,3,26,5],[27,3,27,5],[28,3,28,5],[29,3,29,5],[30,3,30,5],[31,3,31,5],[32,3,32,5],[33,3,33,5],[34,3,34,5],[35,3,35,5],[36,3,36,5],[37,0,37,5]]}
["规费和税金项目清单与计价表"]
["工程名称：安装工程",{"$nulls":4},"第 1 页  共 1 页"]
["序号","项 目 名 称","计 算 基 础","费率（%）",null,null,"金额（元）"]
["1","增值税销项税额","分部分项合计+措施合计+其他项目","9",null,null,636.36]
{"$rows_empty":33}
["合计",{"$nulls":5},636.36]

{"sheet":"5.5主要材料价格表","index":5,"n_rows":72,"n_cols":10,"rows_kept":72,"merged":[[0,0,0,9],[1,0,1,5],[1,7,1,9],[2,5,2,7],[3,5,3,7],[4,5,4,7],[5,5,5,7],[6,5,6,7],[7,5,7,7],[8,5,8,7],[9,5,9,7],[10,5,10,7],[11,5,11,7],[12,5,12,7],[13,5,13,7],[14,5,14,7],[15,5,15,7],[16,5,16,7],[17,5,17,7],[18,5,18,7],[19,5,19,7],[20,5,20,7],[21,5,21,7],[22,5,22,7],[23,5,23,7],[24,5,24,7],[25,5,25,7],[26,5,26,7],[27,5,27,7],[28,5,28,7],[29,5,29,7],[30,5,30,7],[31,5,31,7],[32,5,32,7],[33,5,33,7],[34,5,34,7],[35,0,35,9],[36,0,36,5],[36,7,36,9],[37,5,37,7],[38,5,38,7],[39,5,39,7],[40,5,40,7],[41,5,41,7],[42,5,42,7],[43,5,43,7],[44,5,44,7],[45,5,45,7],[46,5,46,7],[47,5,47,7],[48,5,48,7],[49,5,49,7],[50,5,50,7],[51,5,51,7],[52,5,52,7],[53,5,53,7],[54,5,54,7],[55,5,55,7],[56,5,56,7],[57,5,57,7],[58,5,58,7],[59,5,59,7],[60,5,60,7],[61,5,61,7],[62,5,62,7],[63,5,63,7],[64,5,64,7],[65,5,65,7],[66,5,66,7],[67,5,67,7],[68,5,68,7],[69,5,69,7],[70,5,70,7],[71,5,71,7]]}
["主要材料价格表"]
["工程名称：安装工程",{"$nulls":6},"第 1 页  共 2 页"]
["序号","材料编码","材料名称","规格","单位","数量",null,null,"市场价\n（元）","市场价合计（元）"]
[1,"01030035","镀锌低碳钢丝","φ1.2~2.5","kg",0.3719,null,null,5.75,2.14]
[2,"01290003","钢板","综合","kg",5.94,null,null,4.51,26.79]
[3,"01530060","封铅","含铅65% 含锡35%","kg",0.3972,null,null,26.42,10.49]
[4,"02270020","白布",null,"kg",0.2947,null,null,2.75,0.81]
[5,"03010315","半圆头螺丝","M6~8×12~30","十套",5.2659,null,null,0.16,0.84]
[6,"03011540","镀锌六角螺栓","2个垫圈 M10×14~70","十套",1.224,null,null,4.45,5.45]
[7,"03011605","镀锌六角螺栓","2平1弹垫 M10×100以内","十套",0.21,null,null,5.04,1.06]
[8,"03013051","膨胀螺栓","M10","十套",0.408,null,null,5.82,2.37]
[9,"03014151","镀锌锁紧螺母","DN32×3","十套",0.4805,null,null,7.72,3.71]
[10,"03134021","铁砂布","0~2#","张",0.8,null,null,0.94,0.75]
[11,"03135001","低碳钢焊条","综合","kg",0.6,null,null,6.01,3.61]
[12,"03136021","焊锡丝","综合","kg",0.07,null,null,7.69,0.54]
[13,"03139021","冲击钻头","φ12","个",0.024,null,null,8.55,0.21]
[14,"03139281","钢锯条",null,"条",1.072,null,null,0.43,0.46]
[15,"03139521","合金钢钻头","φ10","个",0.1168,null,null,4.57,0.53]
[16,"13010050","醇酸清漆",null,"kg",0.1648,null,null,13.99,2.31]
[17,"13010120","酚醛磁漆",null,"kg",0.01,null,null,7.75,0.08]
[18,"13010130","酚醛调和漆",null,"kg",0.03,null,null,11.77,0.35]
[19,"13030240","厚漆",null,"kg",0.4012,null,null,10.26,4.12]
[20,"13050210","沥青绝缘漆",null,"kg",0.0389,null,null,6.2,0.24]
[21,"14030040","汽油","综合","kg",0.2921,null,null,6.01,1.76]
[22,"14050050","溶剂油",null,"kg",0.2892,null,null,3.94,1.14]
[23,"14090010","电力复合脂",null,"kg",0.41,null,null,14.45,5.92]
[24,"14330320","硬脂酸",null,"kg",0.0195,null,null,6.33,0.12]
[25,"14410600","胶粘剂",null,"kg",0.051,null,null,1.88,0.1]
[26,"17250170","塑料软管","D5","m",0.15,null,null,0.4,0.06]
[27,"18031140","镀锌钢管接头","32×3.25","个",5.1253,null,null,3.12,15.99]
[28,"18250030","镀锌钢管卡子","DN32","个",26.5874,null,null,0.77,20.47]
[29,"27170001","电气绝缘胶带","18mm×10m×0.13mm","卷",0.05,null,null,2.4,0.12]
[30,"28010090","裸铜线","10mm2","kg",0.2,null,null,53.88,10.78]
[31,"28030290","双色多股铜芯聚氯乙烯绝缘软导线","BVR-4mm2","m",7.6298,null,null,1.88,14.34]
[32,"28030500","铜芯聚氯乙烯绝缘导线","BV-4mm2","m",5.4972,null,null,1.8,9.89]
["主要材料价格表"]
["工程名称：安装工程",{"$nulls":6},"第 2 页  共 2 页"]
["序号","材料编码","材料名称","规格","单位","数量",null,null,"市场价\n（元）","市场价合计（元）"]
[33,"29060120","镀锌钢管塑料护口","DN32","个",4.805,null,null,0.22,1.06]
[34,"29060310","难燃塑料管接头","80","个",6.18,null,null,3.35,20.7]
[35,"29090213","铜接线端子","DT-4mm2","个",6.09,null,null,2.01,12.24]
[36,"29090220","铜接线端子","DT-10mm2","个",2.03,null,null,2.01,4.08]
[37,"29170230","镀锌地线夹","32","套",19.8605,null,null,0.79,15.69]
[38,"37091110","钢垫板","1~2","kg",0.15,null,null,4.37,0.66]
[39,"99450760","其他材料费",null,"元",6.1255,null,null,1,6.13]
[40,"17030001@1","SC32","32","m",32.033,null,null,13.52,433.09]
[41,"25000001@1","双头投光灯","LED 2*80W(IP54)","套",6.06,null,null,200.94,1217.7]
[42,"28110210@1","YJV-3*4",null,"m",35.2591,null,null,7.63,269.03]
[43,"28110210@2","YJV-3*10",null,"m",30.3,null,null,17.25,522.68]
[44,"29060140@2","PC75","75","m",33,null,null,6.18,203.94]
[45,"55090080@2","照明配电箱","AL1","台",1,null,null,2000,2000]
{"$rows_empty":20}
[null,null,"合  计",{"$nulls":6},4854.55]

{"sheet":"1.1.2综合单价计算表","index":6,"n_rows":34,"n_cols":9,"rows_kept":34,"merged":[[0,0,0,8],[1,0,1,5],[1,6,1,8],[2,0,2,0],[2,1,2,1],[2,2,2,3],[2,4,2,4],[2,5,2,6],[2,7,2,7],[3,0,3,0],[3,2,3,3],[3,5,3,6],[4,0,4,0],[4,2,4,3],[4,5,4,6],[5,0,5,0],[5,2,5,3],[5,5,5,6],[6,0,6,0],[6,2,6,3],[6,5,6,6],[7,0,7,0],[7,2,7,3],[7,5,7,6],[8,0,8,0],[8,2,8,3],[8,5,8,6],[9,0,9,0],[9,2,9,3],[9,5,9,6],[10,0,10,0],[10,2,10,3],[10,5,10,6],[11,0,11,0],[11,2,11,3],[11,5,11,6],[12,0,12,0],[12,2,12,3],[12,5,12,6],[13,0,13,0],[13,2,13,3],[13,5,13,6],[14,0,14,0],[14,2,14,3],[14,5,14,6],[15,0,15,0],[15,2,15,3],[15,5,15,6],[16,0,16,0],[16,2,16,3],[16,5,16,6],[17,0,17,0],[17,2,17,3],[17,5,17,6],[18,0,18,0],[18,2,18,3],[18,5,18,6],[19,0,19,0],[19,2,19,3],[19,5,19,6],[20,0,20,0],[20,2,20,3],[20,5,20,6],[21,0,21,0],[21,2,21,3],[21,5,21,6],[22,0,22,0],[22,2,22,3],[22,5,22,6],[23,0,23,0],[23,2,23,3],[23,5,23,6],[24,0,24,0],[24,2,24,3],[24,5,24,6],[25,0,25,0],[25,2,25,3],[25,5,25,6],[26,0,26,0],[26,2,26,3],[26,5,26,6],[27,0,27,0],[27,2,27,3],[27,5,27,6],[28,0,28,0],[28,2,28,3],[28,5,28,6],[29,0,29,0],[29,2,29,3],[29,5,29,6],[30,0,30,0],[30,2,30,3],[30,5,30,6],[31,0,31,0],[31,2,31,3],[31,5,31,6],[32,0,32,0],[32,2,32,3],[32,5,32,6],[33,2,33,3],[33,5,33,6]]}
["综合单价计算表"]
["工程名称：安装工程",{"$nulls":5},"第 1 页 共 1 页"]
["序号","编码","名称",null,"单位","工程量",null,"综合单价\n（元）","综合合价\n（元）"]
[1,"030408001001","电力电缆YJV-3*4",null,"m","34.91",null,12.84,448.24]
[null,"C4-8-1","铜芯电力电缆敷设 电缆(截面mm2以下) 10",null,"100m",0.3491,null,1284.35,448.37]
[2,"030408001002","电力电缆YJV-3*10",null,"m","30",null,22.56,676.8]
[null,"C4-8-1","铜芯电力电缆敷设 电缆(截面mm2以下) 10",null,"100m",0.3,null,2255.97,676.79]
[3,"030411001001","SC32",null,"m","31.1",null,32.31,1004.84]
[null,"C4-11-44","镀锌钢管钢结构支架配管 公称直径(mm以内) 32",null,"100m",0.311,null,3230.93,1004.82]
[4,"030411001002","PC75",null,"m","30",null,19,570]
[null,"C4-11-109","刚性难燃线管埋地敷设 公称直径(mm以内) 80",null,"100m",0.3,null,1900.06,570.02]
[5,"030412001001","双头投光灯",null,"套","6",null,260.72,1564.32]
[null,"C4-12-39","工厂其他灯具安装 投光灯",null,"10套",0.6,null,2607.15,1564.29]
[6,"030404017001","配电箱AL1",null,"台","1",null,2284.95,2284.95]
[null,"C4-4-31","成套配电箱安装 悬挂式(半周长m以内) 1",null,"台",1,null,2284.95,2284.95]
{"$rows_empty":18}
[null,null,"合   计",{"$nulls":5},6549.15]